[Event "Asian Continental op 19th"]
[Site "Delhi"]
[Date "2022.11.03"]
[Round "9"]
[White "Ajay, Karthikeyan"]
[Black "Nurmamedov, Azat"]
[Result "1/2-1/2"]
[WhiteElo "2441"]
[BlackElo "2382"]
[PlyCount "72"]
[EventDate "2022.10.26"]
[EventType "swiss"]
[EventRounds "9"]
[EventCountry "IND"]
[SourceTitle "EXT 2024"]
[Source "ChessBase"]
[SourceDate "2023.10.10"]
[SourceVersion "1"]
[SourceVersionDate "2023.10.10"]
[SourceQuality "1"]

1. e4 c5 2. Nf3 d6 3. Bb5+ Bd7 4. Bxd7+ Qxd7 5. c4 Nc6 6. d4 cxd4 7. Nxd4 Nf6 8. Nc3 g6 9. f3 Bg7 10. Be3 0-0 11. 0-0 Nxd4 12. Bxd4 Qc6 13. b3 Nd7 14. Nd5 Rfe8 15. Bxg7 Kxg7 16. Qd4+ Kg8 17. Rfd1 a5 18. Rac1 Rad8 19. h4 h5 20. Kf2 Qc5 21. Qxc5 Nxc5 22. Ke3 Kg7 23. Rd2 Rc8 24. Nc3 Rc6 25. Nb5 f6 26. g3 Kf7 27. Rc3 Ne6 28. f4 Rc5 29. Rd5 Rec8 30. f5 Nf8 31. Nd4 gxf5 32. Nxf5 Ng6 33. Nh6+ Kg7 34. Nf5+ Kf7 35. Nh6+ Kg7 36. Nf5+ Kf7 1/2-1/2

[Event "Asian Continental Blitz op 19th"]
[Site "Delhi"]
[Date "2022.11.03"]
[Round "8"]
[White "Iniyan, Panneerseluam"]
[Black "Nurmamedov, Azat"]
[Result "1/2-1/2"]
[WhiteElo "2534"]
[BlackElo "2382"]
[PlyCount "197"]
[EventDate "2022.11.03"]
[EventType "swiss (blitz)"]
[EventRounds "9"]
[EventCountry "IND"]
[SourceTitle "EXT 2024"]
[Source "ChessBase"]
[SourceDate "2023.10.10"]
[SourceVersion "1"]
[SourceVersionDate "2023.10.10"]
[SourceQuality "1"]

1. d4 Nf6 2. c4 g6 3. Nc3 Bg7 4. e4 0-0 5. Be3 d6 6. f3 Nc6 7. Nge2 a6 8. Qd2 Rb8 9. Rb1 b5 10. cxb5 axb5 11. b4 Bd7 12. d5 Ne5 13. Nd4 Nc4 14. Bxc4 bxc4 15. Nc6 Bxc6 16. dxc6 e6 17. 0-0 Qc8 18. b5 Rd8 19. Bd4 d5 20. e5 Ne8 21. a4 Ra8 22. Ra1 Bf8 23. Nd1 Be7 24. Ne3 f5 25. a5 Ng7 26. Rfb1 f4 27. Ng4 h5 28. Nf6+ Kf7 29. Qxf4 Nf5 30. g4 Nxd4 31. Nd7+ Kg7 32. Qxd4 hxg4 33. Qxg4 Rxd7 34. cxd7 Qxd7 35. Kh1 Bc5 36. Qg5 Qf7 37. Qg4 Be3 38. b6 cxb6 39. axb6 Rxa1 40. Rxa1 Bxb6 41. Ra6 Be3 42. Rxe6 c3 43. Rc6 d4 44. e6 Qb7 45. Qe4 Qe7 46. Rb6 Qg5 47. Rb7+ Kh6 48. Rb1 Qe7 49. Rb7 Qg5 50. Rb1 Qe7 51. h4 Kh5 52. Rb5+ Kh6 53. Rb1 c2 54. Qxc2 Qxe6 55. Qg2 Qf5 56. Re1 Qf6 57. Qg4 Qc6 58. Kh2 Qc2+ 59. Qg2 Qf5 60. Qg4 Qc2+ 61. Qg2 Bf4+ 62. Kh1 Qf5 63. Re8 Qb1+ 64. Qg1 Qf5 65. Qg4 Qb1+ 66. Qg1 Qf5 67. Qg4 Qb1+ 68. Qg1 Qd3 69. Qg2 Qd1+ 70. Qg1 Qxf3+ 71. Qg2 Qd1+ 72. Qg1 Qd3 73. Qg2 Qb1+ 74. Qg1 Qb7+ 75. Qg2 Qb1+ 76. Qg1 Qf5 77. Qg2 d3 78. h5 Qxh5+ 79. Kg1 Qd1+ 80. Qf1 Qg4+ 81. Qg2 Qd1+ 82. Qf1 Qg4+ 83. Qg2 Qxg2+ 84. Kxg2 g5 85. Rd8 d2 86. Kf3 Kg6 87. Ke4 Kh5 88. Kf3 Kg6 89. Ke4 Kf6 90. Rd5 Ke6 91. Rd3 Kf6 92. Rd5 Kg6 93. Rd8 Kf6 94. Rd5 Ke6 95. Rd3 Kf6 96. Rd5 Kg6 97. Rd8 Kh5 98. Kf3 Kg6 99. Ke4 1/2-1/2

[Event "Asian Continental Blitz op 19th"]
[Site "Delhi"]
[Date "2022.11.03"]
[Round "9"]
[White "Nurmamedov, Azat"]
[Black "Harsha, Bharathakoti"]
[Result "0-1"]
[WhiteElo "2382"]
[BlackElo "2582"]
[PlyCount "60"]
[EventDate "2022.11.03"]
[EventType "swiss (blitz)"]
[EventRounds "9"]
[EventCountry "IND"]
[SourceTitle "EXT 2024"]
[Source "ChessBase"]
[SourceDate "2023.10.10"]
[SourceVersion "1"]
[SourceVersionDate "2023.10.10"]
[SourceQuality "1"]

1. Nf3 Nf6 2. g3 b6 3. Bg2 Bb7 4. 0-0 c5 5. c4 e6 6. Nc3 a6 7. d4 cxd4 8. Qxd4 d6 9. b3 Nbd7 10. Rd1 Be7 11. Bb2 0-0 12. h3 Rc8 13. Rac1 Qc7 14. Ne1 Bxg2 15. Nxg2 Qb7 16. Ne3 b5 17. g4 bxc4 18. Nxc4 d5 19. Nd2 e5 20. Qd3 d4 21. Nce4 Nd5 22. e3 Nb4 23. Qb1 dxe3 24. fxe3 Nc5 25. Rc4 Nbd3 26. Ba1 Rfd8 27. Rf1 Nxe4 28. Rxe4 Nc5 29. Rxe5 Rxd2 30. Qf5 Qg2# 0-1

[Event "Asian Continental Blitz op 19th"]
[Site "Delhi"]
[Date "2022.11.03"]
[Round "7"]
[White "Praggnanandhaa, Rameshbabu"]
[Black "Nurmamedov, Azat"]
[Result "1/2-1/2"]
[WhiteElo "2678"]
[BlackElo "2382"]
[PlyCount "103"]
[EventDate "2022.11.03"]
[EventType "swiss (blitz)"]
[EventRounds "9"]
[EventCountry "IND"]
[SourceTitle "EXT 2024"]
[Source "ChessBase"]
[SourceDate "2023.10.10"]
[SourceVersion "1"]
[SourceVersionDate "2023.10.10"]
[SourceQuality "1"]

1. Nf3 Nf6 2. g3 g6 3. b3 Bg7 4. Bb2 0-0 5. Bg2 d5 6. c4 dxc4 7. bxc4 c5 8. 0-0 Nc6 9. d3 h6 10. Ne5 Nd4 11. e3 Nf5 12. Qc2 Qc7 13. Nd2 Rd8 14. Nb3 Ne8 15. d4 cxd4 16. exd4 Nxd4 17. Nxd4 Qxe5 18. Rae1 Qc5 19. Nb3 Qc7 20. Ba3 Bf5 21. Qc1 e6 22. Nc5 Nd6 23. Rd1 Rac8 24. Qf4 b6 25. Na6 Qxc4 26. Rxd6 Qxa6 27. Rxd8+ Rxd8 28. Be7 Rd7 29. Qb8+ Kh7 30. Qe8 Qd3 31. Qxf7 e5 32. Qe8 Qc4 33. Ba3 Qxa2 34. Bc1 Qe6 35. Qb8 a5 36. Be3 Bd3 37. Rc1 e4 38. h4 h5 39. Kh2 Rf7 40. Bh3 Qa2 41. Kg1 Qb2 42. Be6 Rf8 43. Qb7 Be2 44. Rc7 Bf3 45. Kh2 Bg4 46. Bxg4 Rxf2+ 47. Bxf2 Qxf2+ 48. Kh1 Qf1+ 49. Kh2 Qf2+ 50. Kh1 Qf1+ 51. Kh2 Qf2+ 52. Kh1 1/2-1/2

[Event "Asian Continental op 19th"]
[Site "Delhi"]
[Date "2022.10.30"]
[Round "5"]
[White "Nigmatov, Ortik"]
[Black "Nurmamedov, Azat"]
[Result "1-0"]
[WhiteElo "2433"]
[BlackElo "2382"]
[PlyCount "49"]
[EventDate "2022.10.26"]
[EventType "swiss"]
[EventRounds "9"]
[EventCountry "IND"]
[SourceTitle "EXT 2024"]
[Source "ChessBase"]
[SourceDate "2023.10.10"]
[SourceVersion "1"]
[SourceVersionDate "2023.10.10"]
[SourceQuality "1"]

1. e4 e6 2. d4 d5 3. Nc3 Bb4 4. e5 c5 5. a3 Bxc3+ 6. bxc3 Qc7 7. Qg4 Ne7 8. Qxg7 Rg8 9. Qxh7 cxd4 10. Qd3 dxc3 11. Nf3 Nd7 12. Bf4 b6 13. Be2 Bb7 14. Nd4 a6 15. Bh5 Nf8 16. Rb1 Rc8 17. 0-0 b5 18. Rbd1 Qc5 19. Qh3 Nfg6 20. Be3 Qc7 21. f4 Nf5 22. Nxf5 exf5 23. Bd4 Qd7 24. e6 fxe6 25. Bxg6+ 1-0

[Event "Asian Continental op 19th"]
[Site "Delhi"]
[Date "2022.10.27"]
[Round "2"]
[White "Nurmamedov, Azat"]
[Black "Pranav, Anand"]
[Result "0-1"]
[WhiteElo "2382"]
[BlackElo "2502"]
[PlyCount "86"]
[EventDate "2022.10.26"]
[EventType "swiss"]
[EventRounds "9"]
[EventCountry "IND"]
[SourceTitle "EXT 2024"]
[Source "ChessBase"]
[SourceDate "2023.10.10"]
[SourceVersion "1"]
[SourceVersionDate "2023.10.10"]
[SourceQuality "1"]

1. Nf3 d5 2. d4 Nf6 3. g3 c5 4. Bg2 cxd4 5. 0-0 h6 6. Qxd4 Nc6 7. Qa4 Bd7 8. Qb3 e5 9. c4 d4 10. e3 dxe3 11. Bxe3 Ng4 12. Rd1 Be7 13. h3 Nxe3 14. Qxe3 Qb6 15. Qxb6 axb6 16. Nc3 Be6 17. Nd5 Bd8 18. Nd2 f5 19. Nb1 0-0 20. Nbc3 e4 21. f3 exf3 22. Bxf3 Ne5 23. Be2 Bd7 24. Nb5 g5 25. Rf1 f4 26. gxf4 gxf4 27. Rxf4 Rxf4 28. Nxf4 Bg5 29. Nd5 Bxh3 30. Kh2 Bf5 31. Rf1 Bg6 32. a3 Rd8 33. Rd1 Bc2 34. Rd4 Rf8 35. Kg2 Kh7 36. Nd6 Bc1 37. Nxb7 Bxb2 38. Rh4 Bxa3 39. Rh5 Be4+ 40. Kg1 Ng6 41. Rh3 Bb2 42. Bd3 Bd4+ 43. Kh2 Rf2+ 0-1

[Event "Online Olym Div2 A"]
[Site "Chess.com INT"]
[Date "2020.08.15"]
[Round "5.5"]
[White "Kuybokarov, Temur"]
[Black "Nurmamedov, Azat"]
[Result "1-0"]
[WhiteElo "2530"]
[BlackElo "2382"]
[PlyCount "63"]
[EventDate "2020.08.14"]
[EventType "team-tourn (rapid)"]
[EventRounds "9"]
[EventCountry "USA"]
[SourceTitle "CBM 198"]
[Source "ChessBase"]
[SourceDate "2020.10.31"]
[SourceVersion "1"]
[SourceVersionDate "2020.10.31"]
[SourceQuality "1"]
[WhiteTeam "Australia"]
[BlackTeam "Turkmenistan"]
[WhiteTeamCountry "AUS"]
[BlackTeamCountry "TKM"]

1. e4 c5 2. Nf3 d6 3. d4 cxd4 4. Nxd4 Nf6 5. Nc3 a6 6. Be3 e5 7. Nb3 Be7 8. Be2 Be6 9. Nd5 Nxd5 10. exd5 Bf5 11. Qd2 Nd7 12. 0-0 0-0 13. Na5 Qc7 14. c4 Bg6 15. b4 f5 16. f3 Rfc8 17. Rac1 b6 18. Nc6 Bf8 19. f4 Nb8 20. c5 bxc5 21. bxc5 dxc5 22. fxe5 Nxc6 23. dxc6 Qxe5 24. Bf4 Qd4+ 25. Qxd4 cxd4 26. Rfd1 Bf7 27. Bf3 Ra7 28. Rxd4 h6 29. c7 g5 30. Rd8 Be6 31. Bd6 Kg7 32. Bxf8+ 1-0

[Event "Online Olym Div2 A"]
[Site "Chess.com INT"]
[Date "2020.08.15"]
[Round "6.5"]
[White "Nurmamedov, Azat"]
[Black "Petrov, Martin"]
[Result "0-1"]
[WhiteElo "2382"]
[BlackElo "2504"]
[PlyCount "80"]
[EventDate "2020.08.14"]
[EventType "team-tourn (rapid)"]
[EventRounds "9"]
[EventCountry "USA"]
[SourceTitle "CBM 198"]
[Source "ChessBase"]
[SourceDate "2020.10.31"]
[SourceVersion "1"]
[SourceVersionDate "2020.10.31"]
[SourceQuality "1"]
[WhiteTeam "Turkmenistan"]
[BlackTeam "Bulgaria"]
[WhiteTeamCountry "TKM"]
[BlackTeamCountry "BUL"]

1. e4 c5 2. Nf3 d6 3. d4 cxd4 4. Nxd4 Nf6 5. Nc3 a6 6. Bg5 e6 7. f4 h6 8. Bh4 Qb6 9. a3 Nbd7 10. Bf2 Qc7 11. Bd3 b5 12. 0-0 Bb7 13. Qe2 Be7 14. Rae1 Nc5 15. e5 dxe5 16. fxe5 Nfd7 17. Kh1 0-0 18. Bg3 Nxd3 19. cxd3 Rad8 20. Nc2 Nc5 21. d4 Na4 22. Nxa4 bxa4 23. Bf4 Rd7 24. Be3 Bg5 25. Bxg5 hxg5 26. Rd1 Qb6 27. Rd2 Rc8 28. Rfd1 Qxb2 29. Ne3 Qb5 30. Qf2 Rc3 31. Ng4 Rxa3 32. Rb2 Rb3 33. Rxb3 Qxb3 34. Qd2 Bf3 35. gxf3 Qxf3+ 36. Kg1 Qxg4+ 37. Kh1 a3 38. Rc1 Qe4+ 39. Qg2 Qxg2+ 40. Kxg2 Rxd4 0-1

[Event "Online Olym Div2 A"]
[Site "Chess.com INT"]
[Date "2020.08.14"]
[Round "2.5"]
[White "Nurmamedov, Azat"]
[Black "Engel, Luis"]
[Result "1-0"]
[WhiteElo "2382"]
[BlackElo "2536"]
[PlyCount "103"]
[EventDate "2020.08.14"]
[EventType "team-tourn (rapid)"]
[EventRounds "9"]
[EventCountry "USA"]
[SourceTitle "CBM 198"]
[Source "ChessBase"]
[SourceDate "2020.10.31"]
[SourceVersion "1"]
[SourceVersionDate "2020.10.31"]
[SourceQuality "1"]
[WhiteTeam "Turkmenistan"]
[BlackTeam "Germany"]
[WhiteTeamCountry "TKM"]
[BlackTeamCountry "GER"]

1. Nf3 Nf6 2. g3 d5 3. Bg2 e6 4. 0-0 Be7 5. d4 0-0 6. c4 dxc4 7. Qc2 a6 8. a4 Bd7 9. Rd1 Bc6 10. Nc3 Bxf3 11. Bxf3 Nc6 12. Bxc6 bxc6 13. a5 Nd5 14. Na4 Qb8 15. e4 Nb4 16. Qxc4 Qb5 17. Qc3 f5 18. Qb3 fxe4 19. Qxe6+ Rf7 20. Nc3 Qh5 21. Qxe4 Raf8 22. Be3 Bg5 23. Qe5 Rf5 24. Qe6+ Kh8 25. Rd2 Bxe3 26. Qxe3 Re8 27. Ne4 Nd5 28. Qd3 Qg6 29. Kh1 Rh5 30. Nc3 Qh6 31. f4 Nf6 32. Qf3 Qg6 33. Rg1 Ng4 34. h4 Re3 35. Qg2 Qf6 36. Rf1 Rxh4+ 37. gxh4 Qxh4+ 38. Kg1 Rg3 39. Qxg3 Qxg3+ 40. Kh1 Qh3+ 41. Kg1 Qe3+ 42. Rff2 Nxf2 43. Rxf2 Qxd4 44. Kg2 h5 45. Re2 Kh7 46. Kf3 Qd3+ 47. Re3 Qf1+ 48. Kg3 Qg1+ 49. Kf3 h4 50. Ne2 h3 51. Nxg1 h2 52. Kg2 1-0

[Event "Titled Tuesday intern op 12th May"]
[Site "Chess.com INT"]
[Date "2020.05.12"]
[Round "5"]
[White "Nurmamedov, Azat"]
[Black "Poghosyan, Suren"]
[Result "0-1"]
[WhiteElo "2382"]
[BlackElo "2275"]
[PlyCount "92"]
[EventDate "2020.05.12"]
[EventType "swiss (blitz)"]
[EventRounds "10"]
[EventCountry "USA"]
[SourceTitle "EXT 2021"]
[Source "ChessBase"]
[SourceDate "2020.10.23"]
[SourceVersion "1"]
[SourceVersionDate "2020.10.23"]
[SourceQuality "1"]

1. Nf3 Nf6 2. g3 c5 3. Bg2 Nc6 4. 0-0 g6 5. c4 d6 6. Nc3 Bg7 7. d4 cxd4 8. Nxd4 Bd7 9. b3 Qc8 10. Bb2 Bh3 11. Nd5 Nxd5 12. cxd5 Ne5 13. Rc1 Qd7 14. Ne6 Bxe6 15. dxe6 fxe6 16. f4 Nf3+ 17. exf3 Bxb2 18. Rc2 Bf6 19. Bh3 0-0 20. Qe2 Kg7 21. Bxe6 Qd8 22. Rfc1 Qb6+ 23. Kg2 Rad8 24. Rc7 d5 25. Bh3 d4 26. Qd3 Rd6 27. R7c4 Qa5 28. R4c2 Qa6 29. Qxa6 Rxa6 30. Rd2 Rd8 31. Kf2 d3 32. Rc4 b5 33. Rc7 Bd4+ 34. Kf1 Kf6 35. Rxd3 Rxa2 36. Rc6+ Kg7 37. Re6 Rf2+ 38. Ke1 Rxh2 39. Bf1 b4 40. Rxe7+ Kf6 41. Rxa7 Bc3+ 42. Kd1 Rxd3+ 43. Bxd3 Rd2+ 44. Kc1 Rxd3 45. Rxh7 Rxf3 46. g4 Rxf4 0-1

[Event "Titled Tuesday intern op 21st April"]
[Site "Chess.com INT"]
[Date "2020.04.21"]
[Round "5"]
[White "Boyer, Mahel"]
[Black "Nurmamedov, Azat"]
[Result "0-1"]
[WhiteElo "2294"]
[BlackElo "2382"]
[PlyCount "52"]
[EventDate "2020.04.21"]
[EventType "swiss (blitz)"]
[EventRounds "10"]
[EventCountry "USA"]
[SourceTitle "EXT 2021"]
[Source "ChessBase"]
[SourceDate "2020.10.23"]
[SourceVersion "1"]
[SourceVersionDate "2020.10.23"]
[SourceQuality "1"]

1. d4 Nf6 2. c4 g6 3. Nc3 Bg7 4. Nf3 0-0 5. Bg5 c5 6. d5 e6 7. e3 exd5 8. cxd5 d6 9. Be2 Na6 10. 0-0 Nc7 11. a4 Rb8 12. e4 Re8 13. Nd2 a6 14. a5 b5 15. axb6 Rxb6 16. Nc4 Rb4 17. f3 Nb5 18. Na5 Rxb2 19. Na4 Rxe2 20. Nc6 Rxg2+ 21. Kxg2 Qd7 22. Nb6 Qh3+ 23. Kg1 Nxe4 24. fxe4 Rxe4 25. Nxc8 Rg4+ 26. Kh1 Qg2# 0-1

[Event "Titled Tuesday intern op 21st April"]
[Site "Chess.com INT"]
[Date "2020.04.21"]
[Round "7"]
[White "Gahan, MG."]
[Black "Nurmamedov, Azat"]
[Result "0-1"]
[WhiteElo "2229"]
[BlackElo "2382"]
[PlyCount "164"]
[EventDate "2020.04.21"]
[EventType "swiss (blitz)"]
[EventRounds "10"]
[EventCountry "USA"]
[SourceTitle "EXT 2021"]
[Source "ChessBase"]
[SourceDate "2020.10.23"]
[SourceVersion "1"]
[SourceVersionDate "2020.10.23"]
[SourceQuality "1"]

1. e4 e6 2. b3 d5 3. Bb2 dxe4 4. Nc3 Nf6 5. g4 h6 6. Bg2 Be7 7. Qe2 Nc6 8. Nxe4 Nxe4 9. Bxe4 Nd4 10. Qd3 Bf6 11. 0-0-0 a5 12. h4 Nc6 13. Bxc6+ bxc6 14. Qxd8+ Kxd8 15. d4 Ke7 16. Nf3 g6 17. g5 Bg7 18. Ba3+ Ke8 19. h5 gxh5 20. Rxh5 a4 21. Kb2 hxg5 22. Rxg5 Bf6 23. Rg3 Ba6 24. Rdg1 Kd7 25. Ne5+ Bxe5 26. dxe5 Rh5 27. Rf3 Rh7 28. Rf4 axb3 29. axb3 Rd8 30. Ra1 Bb7 31. Rb4 Kc8 32. Rf4 Rd2 33. Bb4 Re2 34. Bc3 c5 35. Re1 Rxe1 36. Bxe1 Bd5 37. Bc3 Kb7 38. Rf6 Kc6 39. Rf4 Kd7 40. Ra4 Rh2 41. Rf4 Ke7 42. b4 c4 43. Bd4 Rh1 44. b5 Re1 45. b6 cxb6 46. Bxb6 Rxe5 47. Bc5+ Ke8 48. Bd4 Re2 49. Be3 f5 50. Rd4 Kd7 51. Rd2 Re1 52. Kc3 Kc6 53. Kd4 Ra1 54. Ke5 Kb5 55. Bd4 Re1+ 56. Be3 Kb4 57. Kd4 Rb1 58. c3+ Kb5 59. Ke5 Ka4 60. Bd4 Kb3 61. Re2 Rd1 62. Re3 Rd2 63. f4 Rh2 64. Re1 Kb2 65. Re3 Rg2 66. Re1 Kc2 67. Ra1 Re2+ 68. Kd6 Re4 69. Be5 Kd3 70. Rd1+ Kc2 71. Rd4 Re3 72. Kc5 Rxc3 73. Rxd5 exd5 74. Bxc3 Kxc3 75. Kxd5 Kd3 76. Ke5 c3 77. Kxf5 c2 78. Kf6 c1Q 79. Kf5 Ke3 80. Kg5 Qc5+ 81. f5 Ke4 82. Kg6 Qxf5+ 0-1

[Event "Titled Tuesday intern op 21st April"]
[Site "Chess.com INT"]
[Date "2020.04.21"]
[Round "6"]
[White "Nurmamedov, Azat"]
[Black "Pon, Matt"]
[Result "1-0"]
[WhiteElo "2382"]
[BlackElo "2185"]
[PlyCount "115"]
[EventDate "2020.04.21"]
[EventType "swiss (blitz)"]
[EventRounds "10"]
[EventCountry "USA"]
[SourceTitle "EXT 2021"]
[Source "ChessBase"]
[SourceDate "2020.10.23"]
[SourceVersion "1"]
[SourceVersionDate "2020.10.23"]
[SourceQuality "1"]

1. Nf3 Nf6 2. g3 g6 3. Bg2 Bg7 4. 0-0 0-0 5. d4 d6 6. c4 c6 7. Nc3 Qa5 8. e4 Bg4 9. h3 Bxf3 10. Qxf3 e5 11. Be3 Qb4 12. Qe2 Nfd7 13. Rfd1 exd4 14. Bxd4 Ne5 15. b3 c5 16. Nd5 Qa5 17. Bc3 Qd8 18. f4 Nec6 19. Bxg7 Kxg7 20. Qb2+ f6 21. Rd2 Nd4 22. Rxd4 cxd4 23. Qxd4 Nc6 24. Qd2 Qd7 25. Rd1 Rae8 26. Nc3 Rd8 27. Nb5 Qe6 28. Nc7 Qf7 29. Nb5 Qe6 30. Kh2 Rf7 31. h4 a6 32. Nc3 Qe8 33. Nd5 Ne7 34. Ne3 Nc6 35. Qe2 Kg8 36. Ng4 Kg7 37. Qb2 h5 38. Ne3 Kg8 39. Nd5 Qf8 40. Rf1 Re8 41. Qc3 Qg7 42. Rd1 f5 43. exf5 gxf5 44. Qd3 Qg6 45. Ne3 Nb4 46. Qd2 Nc6 47. Bd5 Rd8 48. Bxf7+ Kxf7 49. Re1 Ne7 50. Nd5 Nc6 51. Qe3 Rg8 52. b4 Kg7 53. b5 axb5 54. cxb5 Nd8 55. Ne7 Qf6 56. Nxg8 Kxg8 57. Qe7 Qxe7 58. Rxe7 1-0

[Event "World ol U16"]
[Site "Corum"]
[Date "2019.11.04"]
[Round "8.13"]
[White "Risteski, Emil"]
[Black "Nurmamedov, Azat"]
[Result "0-1"]
[WhiteElo "2197"]
[BlackElo "2368"]
[PlyCount "84"]
[EventDate "2019.10.29"]
[EventType "team-swiss"]
[EventRounds "9"]
[EventCountry "TUR"]
[SourceTitle "CBM 192 Extra"]
[Source "Chessbase"]
[SourceDate "2019.11.06"]
[SourceVersion "1"]
[SourceVersionDate "2019.11.06"]
[SourceQuality "1"]
[WhiteTeam "Macedonia"]
[BlackTeam "Turkmenistan"]
[WhiteTeamCountry "MKD"]
[BlackTeamCountry "TKM"]

1. e4 c5 2. Nf3 d6 3. d4 cxd4 4. Nxd4 Nf6 5. Nc3 a6 6. h3 e5 7. Nb3 h5 8. f4 Be7 9. Be2 Be6 10. fxe5 dxe5 11. Qxd8+ Kxd8 12. Be3 Nbd7 13. 0-0-0 Rc8 14. Bf3 Kc7 15. Nd5+ Nxd5 16. exd5 Bf5 17. g4 Bg6 18. Nd2 Nf6 19. g5 Kd7 20. c4 Ne8 21. Be4 Bxe4 22. Nxe4 Rxc4+ 23. Nc3 Bb4 24. Bd2 Nd6 25. Kb1 Rd4 26. a3 Ba5 27. b4 Bd8 28. Be3 Rxd1+ 29. Rxd1 b6 30. Kc2 Rg8 31. Rg1 Nc4 32. Bc1 Be7 33. Kd3 Rc8 34. Rf1 Ke8 35. Re1 b5 36. Rg1 Rd8 37. Ke4 Rc8 38. Kd3 Nd6 39. Ne4 Rc4 40. Nxd6+ Bxd6 41. Be3 e4+ 42. Kd2 Be5 0-1

[Event "Titled Tuesday intern op 2nd July"]
[Site "Chess.com INT"]
[Date "2019.07.02"]
[Round "1"]
[White "Umetsubo, Cesar Hidemitsu"]
[Black "Nurmamedov, Azat"]
[Result "0-1"]
[WhiteElo "2406"]
[BlackElo "2343"]
[PlyCount "202"]
[EventDate "2019.07.02"]
[EventType "swiss (blitz)"]
[EventRounds "10"]
[EventCountry "USA"]
[SourceTitle "EXT 2021"]
[Source "ChessBase"]
[SourceDate "2020.10.23"]
[SourceVersion "1"]
[SourceVersionDate "2020.10.23"]
[SourceQuality "1"]

1. e4 c5 2. Nf3 Nc6 3. d4 cxd4 4. Nxd4 g6 5. c4 Bg7 6. Be3 Nf6 7. Nc3 Ng4 8. Qxg4 Nxd4 9. Qd1 Ne6 10. Be2 d6 11. 0-0 0-0 12. Qd2 Nc5 13. f3 Be6 14. Nd5 Bxd5 15. exd5 Rc8 16. Rab1 Na4 17. Rfc1 b6 18. Bd1 Nc5 19. b4 Nd7 20. Bb3 Ne5 21. Bd4 Qd7 22. Rc3 Rc7 23. f4 Ng4 24. Re1 Rfc8 25. Bxg7 Kxg7 26. h3 Nf6 27. Rce3 Qd8 28. Qd4 Kg8 29. Kh2 h5 30. f5 Kg7 31. fxg6 fxg6 32. Re6 Qf8 33. Qe3 Kf7 34. Qg5 Qg7 35. Rf1 Kg8 36. Rfxf6 exf6 37. Rxf6 Kh7 38. Bc2 Kh8 39. Bxg6 Kg8 40. Rxd6 Re7 41. Qxh5 Rf8 42. Bf5 Qe5+ 43. Kh1 Qxd6 44. Qg4+ Rg7 45. Be6+ Rff7 46. Qf5 Kf8 47. Bxf7 Rxf7 48. Qc8+ Kg7 49. Qg4+ Qg6 50. Qd4+ Qf6 51. Qg4+ Kf8 52. Qc8+ Kg7 53. Qg4+ Kh6 54. c5 Qa1+ 55. Kh2 Qe5+ 56. Kg1 Qxd5 57. cxb6 axb6 58. Qh4+ Qh5 59. Qd4 Qf5 60. Qxb6+ Rf6 61. Qe3+ Kg7 62. Qg3+ Kf7 63. Qc7+ Kg6 64. Qg3+ Qg5 65. Qd3+ Kh6 66. a4 Qc1+ 67. Kh2 Qf4+ 68. Kg1 Qxb4 69. Qe3+ Qf4 70. Qe7 Rd6 71. Qe2 Rd2 72. Qe6+ Kg7 73. Qe7+ Kg6 74. Qe6+ Qf6 75. Qg8+ Kf5 76. Qg4+ Ke5 77. Qg3+ Qf4 78. Qg7+ Ke4 79. Qe7+ Kd3 80. Qd7+ Ke2 81. Qb5+ Rd3 82. a5 Qc1+ 83. Kh2 Qc7+ 84. Kg1 Qd7 85. Qh5+ Kd2 86. a6 Qd4+ 87. Kh2 Qd6+ 88. Kg1 Qxa6 89. Qg5+ Kc2 90. Qc5+ Kd1 91. Qh5+ Kc2 92. Qc5+ Rc3 93. Qf2+ Kb3 94. Qf7+ Qc4 95. Qb7+ Kc2 96. Qh7+ Kb2 97. Qb7+ Kc1 98. Qh7 Qd4+ 99. Kh2 Qd6+ 100. Kg1 Re3 101. Qh6 Qxh6 0-1

[Event "Moscow op-A 15th"]
[Site "Moscow"]
[Date "2019.01.27"]
[Round "2"]
[White "Drygalov, Andrey"]
[Black "Nurmamedov, Azat"]
[Result "1-0"]
[WhiteElo "2485"]
[BlackElo "2341"]
[PlyCount "151"]
[EventDate "2019.01.26"]
[EventType "swiss"]
[EventRounds "9"]
[EventCountry "RUS"]
[SourceTitle "CBM 188 Extra"]
[Source "ChessBase"]
[SourceDate "2019.02.26"]
[SourceVersion "1"]
[SourceVersionDate "2019.02.26"]
[SourceQuality "1"]

1. e4 c5 2. Nf3 d6 3. d4 cxd4 4. Nxd4 Nf6 5. Nc3 a6 6. Be3 e5 7. Nb3 Be7 8. f3 Be6 9. Qd2 0-0 10. 0-0-0 Nbd7 11. g4 b5 12. g5 b4 13. Ne2 Ne8 14. f4 a5 15. f5 a4 16. fxe6 axb3 17. cxb3 fxe6 18. Bh3 Nc7 19. Kb1 Rf3 20. Bg2 Rxe3 21. Qxe3 Bxg5 22. Qd3 Be7 23. Qc4 Qb8 24. Qc6 Nc5 25. Rxd6 Ra6 26. Qxc5 Bxd6 27. Qc4 Qa8 28. Rd1 Rc6 29. Qd3 Qe8 30. Bf3 Qe7 31. Nc1 Qe8 32. Be2 Qg6 33. Qf3 Qf6 34. Qg2 Qg6 35. Qxg6 hxg6 36. Bc4 Kf7 37. Nd3 Rb6 38. a4 bxa3 39. bxa3 Bxa3 40. Nxe5+ Ke8 41. Nxg6 Rd6 42. Bd3 Bc5 43. Ne5 Bd4 44. Nc4 Ra6 45. Nb2 Ra3 46. Bc4 Be5 47. h3 Ke7 48. Rg1 Nb5 49. Rg6 Nc7 50. Nd3 Ra1+ 51. Kc2 Ra2+ 52. Kd1 Bc3 53. b4 Rd2+ 54. Kc1 Re2 55. Rg4 Ne8 56. e5 Bxe5 57. Kd1 Re3 58. Kd2 Rxd3+ 59. Kxd3 Nd6 60. Rg2 Nc8 61. Ra2 Bd6 62. Ra8 Kd7 63. b5 Nb6 64. Ra7+ Bc7 65. Bxe6+ Kd6 66. Ke4 g5 67. Kf5 Bd8 68. Bf7 Kc5 69. Be8 Kb4 70. Bc6 Kc5 71. Ra1 Nc4 72. Ke6 Nb6 73. Rc1+ Kb4 74. Rd1 Bc7 75. Kf5 Bf4 76. h4 1-0

[Event "Moscow op-A 15th"]
[Site "Moscow"]
[Date "2019.01.26"]
[Round "1"]
[White "Nurmamedov, Azat"]
[Black "Vasilyev, Alexey1111"]
[Result "1-0"]
[WhiteElo "2341"]
[BlackElo "2019"]
[PlyCount "107"]
[EventDate "2019.01.26"]
[EventType "swiss"]
[EventRounds "9"]
[EventCountry "RUS"]
[SourceTitle "CBM 188 Extra"]
[Source "ChessBase"]
[SourceDate "2019.02.26"]
[SourceVersion "1"]
[SourceVersionDate "2019.02.26"]
[SourceQuality "1"]

1. Nf3 Nf6 2. g3 b6 3. Bg2 Bb7 4. d4 e6 5. 0-0 Be7 6. c4 0-0 7. Nc3 d6 8. Qc2 c5 9. e4 cxd4 10. Nxd4 Qc7 11. Qe2 a6 12. Be3 Nbd7 13. Rac1 Rac8 14. b3 Rfe8 15. g4 g6 16. g5 Nh5 17. f4 Ng7 18. h4 e5 19. Nd5 Qd8 20. fxe5 dxe5 21. Nf3 Bxd5 22. cxd5 b5 23. Bh3 Rxc1 24. Rxc1 f5 25. gxf6 Nxf6 26. Ng5 h6 27. Be6+ Nxe6 28. Nxe6 Qa5 29. Bxh6 Qb4 30. Bg5 Nh5 31. Bxe7 Rxe7 32. Qf2 Nf4 33. Nxf4 exf4 34. Qxf4 Qd4+ 35. Kg2 Rf7 36. Rc8+ Kg7 37. Rc7 Rxc7 38. Qxc7+ Kg8 39. Qf4 Qb2+ 40. Qf2 Qe5 41. Qe3 Qb2+ 42. Kg3 Qe5+ 43. Qf4 Qd4 44. Qf3 Qe5+ 45. Kh3 b4 46. h5 g5 47. Kg4 Qd4 48. Kxg5 Qg7+ 49. Kh4 Qe7+ 50. Kh3 Kh8 51. h6 Qd6 52. Qg3 Qd7+ 53. Qg4 Qf7 54. Qg7+ 1-0